হাঙর নদী গ্রেনেড / (Record no. 6927)
[ view plain ]
| 000 -LEADER | |
|---|---|
| fixed length control field | 00768nam a22002057a 4500 |
| 003 - CONTROL NUMBER IDENTIFIER | |
| control field | BUBTL |
| 008 - FIXED-LENGTH DATA ELEMENTS--GENERAL INFORMATION | |
| fixed length control field | 230119b ||||| |||| 00| 0 eng d |
| 020 ## - INTERNATIONAL STANDARD BOOK NUMBER | |
| International Standard Book Number | 9789844122994 |
| 082 ## - DEWEY DECIMAL CLASSIFICATION NUMBER | |
| Classification number | 891.443/ H7949h/ 2003 |
| 100 ## - MAIN ENTRY--PERSONAL NAME | |
| 9 (RLIN) | 5175 |
| Personal name | হোসেন, সেলিনা |
| 245 ## - TITLE STATEMENT | |
| Title | হাঙর নদী গ্রেনেড / |
| Statement of responsibility, etc. | সেলিনা হোসেন |
| 250 ## - EDITION STATEMENT | |
| Edition statement | 1st Edn |
| 260 ## - PUBLICATION, DISTRIBUTION, ETC. (IMPRINT) | |
| Place of publication, distribution, etc. | ঢাকা: |
| Name of publisher, distributor, etc. | অনন্যা, |
| Date of publication, distribution, etc. | c2003 |
| 300 ## - PHYSICAL DESCRIPTION | |
| Extent | 111 p.: |
| Dimensions | 22 cm. |
| 505 ## - FORMATTED CONTENTS NOTE | |
| Formatted contents note | হাঙর নদী গ্রেনেড, সেলিনা হোসেন, বাংলা সাহিত্য |
| 650 #0 - SUBJECT ADDED ENTRY--TOPICAL TERM | |
| 9 (RLIN) | 1687 |
| Topical term or geographic name as entry element | বাংলা সাহিত্য |
| 856 ## - ELECTRONIC LOCATION AND ACCESS | |
| Password | 0 |
| Logon | 0 |
| Link text | Download |
| 942 ## - ADDED ENTRY ELEMENTS (KOHA) | |
| Source of classification or shelving scheme | |
| Koha item type | Books |
| Withdrawn status | Lost status | Source of classification or shelving scheme | Damaged status | Not for loan | Collection code | Permanent location | Current location | Shelving location | Date acquired | Source of acquisition | Inventory number | Total Checkouts | Full call number | Barcode | Date last seen | Date last checked out | Copy number | Price effective from | Koha item type |
|---|---|---|---|---|---|---|---|---|---|---|---|---|---|---|---|---|---|---|---|
| Fiction | Bangladesh University of Business and Technology Library | Bangladesh University of Business and Technology Library | Fiction | 11/13/2016 | Purchase | 22965 | 1 | 891.443/ H7949h/ 2003 | BUBTL-200322965 | 07/16/2023 | 06/22/2023 | C-1 | 01/19/2023 | Books | |||||
| Fiction | Bangladesh University of Business and Technology Library | Bangladesh University of Business and Technology Library | Fiction | 11/13/2016 | Purchase | 22966 | 1 | 891.443/ H7949h/ 2003 | BUBTL-200322966 | 03/13/2024 | 03/10/2024 | C-2 | 01/25/2023 | Books |
